000 00660nab a2200241 a 4500
001 61432
003 133607
005 20201118105826.0
008 ||||||n9999 ||| || ||
041 _aspa
100 _aLopera Gutiérrez, Jaime
245 0 _aPerspectivas energeticas
260 _aBogotá :
_bAsociacion Colombiana de Relaciones Industriales y Personal,
_c1998.
300 _app.26
562 _e0
650 _aANÁLISIS SECTORIAL
650 _aECONOMIA DE LA ENERGIA
650 _aINDUSTRIA ENERGETICA
650 _aPRECIO DEL PETROLEO
650 _aSALARIOS
773 _060116
_aHombre & Trabajo - Vol.15 No.46
942 _cSART
999 _c61432
_d61432